000046441 001__ 46441
000046441 005__ 20170831220539.0
000046441 037__ $$aGDOC-2010-0898
000046441 041__ $$aspa
000046441 100__ $$0(orcid)0000-0003-4055-1512$$aVillacampa Elfau, José Ignacio
000046441 24500 $$961806$$aI. Manipulación poscosecha de frutas: maquinaria, conservación y calidad de producto
000046441 260__ $$aZaragoza$$bUniversidad de Zaragoza$$c2010-2011
000046441 520__ $$aSe trata de una asignatura optativa del módulo I sobre “Producción agraria sostenible”. Al tratarse de un Máster de iniciación a la investigación, esta asignatura se centra en aspectos prácticos con un sistema de evaluación basado en la realización de prácticas y trabajos.
000046441 521__ $$9632$$aMáster Universitario en Iniciación a la Investigación en Ciencias Agrarias y del Medio Natural
000046441 540__ $$aby-nc-sa$$bCreative Commons$$c3.0$$uhttp://creativecommons.org/licenses/by-nc-sa/3.0/
000046441 700__ $$0(orcid)0000-0002-0227-1934$$aGarcía Ramos, Francisco Javier
000046441 830__ $$9341
000046441 8564_ $$s78734$$uhttps://zaguan.unizar.es/record/46441/files/guia.pdf$$yGuía (idioma español)
000046441 980__ $$aGDOC$$bIngeniería y Arquitectura$$c201